<?xml version="1.0" encoding="UTF-8"?>
<collection xmlns="http://www.loc.gov/MARC21/slim">
 <record>
  <leader>01565nam a2200349   4500</leader>
  <controlfield tag="001">DLU180183316</controlfield>
  <controlfield tag="005">##20180119</controlfield>
  <datafield tag="020" ind1="#" ind2="#">
   <subfield code="a">9786045370599</subfield>
  </datafield>
  <datafield tag="040" ind1="#" ind2="#">
   <subfield code="a">DLU</subfield>
   <subfield code="b">vie</subfield>
  </datafield>
  <datafield tag="041" ind1="#" ind2="#">
   <subfield code="a">vie</subfield>
  </datafield>
  <datafield tag="044" ind1="#" ind2="#">
   <subfield code="a">vn</subfield>
  </datafield>
  <datafield tag="082" ind1="#" ind2="#">
   <subfield code="a">398.209 597</subfield>
   <subfield code="b">Tuy</subfield>
  </datafield>
  <datafield tag="245" ind1="#" ind2="#">
   <subfield code="a">Tuyển tập truyền thuyết Thanh Hóa /</subfield>
   <subfield code="c">Đào Huy Phụng, Lưu Đức Hạnh, Cao Sơn Hải sưu tầm, tuyển chọn.</subfield>
  </datafield>
  <datafield tag="260" ind1="#" ind2="#">
   <subfield code="a">H. :</subfield>
   <subfield code="b">Hội nhà văn,</subfield>
   <subfield code="c">2016.</subfield>
  </datafield>
  <datafield tag="300" ind1="#" ind2="#">
   <subfield code="a">271 tr. ;</subfield>
   <subfield code="c">21 cm.</subfield>
  </datafield>
  <datafield tag="504" ind1="#" ind2="#">
   <subfield code="a">Tài liệu tham khảo: tr. 259-261.</subfield>
  </datafield>
  <datafield tag="505" ind1="#" ind2="#">
   <subfield code="a">Truyền thuyết về Bà Triệu -- Truyền thuyết về Lê Hoàn -- Truyền thuyết về Hồ Quý Ly và thành nhà Hồ -- Truyền thuyết về Trần Khát Chân -- Truyền thuyết về Lê Lợi -- Truyền thuyết về Thái hậu Ngô Thị Ngọc Dao -- Truyền thuyết về Lê Đình Kiên -- Truyền thuyết về các nhân vật có yếu tố lịch sử, danh nhân văn hóa, các nhân vật hư cấu -- Truyền thuyết về các địa danh lập làng dựng bản -- Những truyền thuyết đơn lẻ.</subfield>
  </datafield>
  <datafield tag="650" ind1="#" ind2="#">
   <subfield code="a">Truyền thuyết</subfield>
   <subfield code="z">Việt Nam</subfield>
   <subfield code="z">Thanh Hóa.</subfield>
  </datafield>
  <datafield tag="700" ind1="#" ind2="#">
   <subfield code="a">Đào Huy Phụng,</subfield>
   <subfield code="e">sưu tầm, tuyển chọn.</subfield>
  </datafield>
  <datafield tag="700" ind1="#" ind2="#">
   <subfield code="a">Cao Sơn Hải,</subfield>
   <subfield code="e">sưu tầm, tuyển chọn.</subfield>
  </datafield>
  <datafield tag="700" ind1="#" ind2="#">
   <subfield code="a">Lưu Đức Hạnh,</subfield>
   <subfield code="e">sưu tầm, tuyển chọn.</subfield>
  </datafield>
  <datafield tag="923" ind1="#" ind2="#">
   <subfield code="a">01/2017</subfield>
  </datafield>
  <datafield tag="991" ind1="#" ind2="#">
   <subfield code="a">SH</subfield>
  </datafield>
  <datafield tag="992" ind1="#" ind2="#">
   <subfield code="a">11000</subfield>
  </datafield>
  <datafield tag="994" ind1="#" ind2="#">
   <subfield code="a">DLU</subfield>
  </datafield>
  <datafield tag="900" ind1="#" ind2="#">
   <subfield code="a">True</subfield>
  </datafield>
  <datafield tag="911" ind1="#" ind2="#">
   <subfield code="a">Nguyễn Thanh Hương</subfield>
  </datafield>
  <datafield tag="925" ind1="#" ind2="#">
   <subfield code="a">G</subfield>
  </datafield>
  <datafield tag="926" ind1="#" ind2="#">
   <subfield code="a">A</subfield>
  </datafield>
  <datafield tag="927" ind1="#" ind2="#">
   <subfield code="a">SH</subfield>
  </datafield>
  <datafield tag="980" ind1="#" ind2="#">
   <subfield code="a">Thư viện Trường Đại học Đà Lạt</subfield>
  </datafield>
 </record>
</collection>
